| 000 | 00594nam a2200193Ia 4500 | ||
|---|---|---|---|
| 005 | 20250507130305.0 | ||
| 008 | 008 250505s9999 xx 000 0 eng d | ||
| 037 | _aSeries Article | ||
| 040 |
_aEASL _beng _cEASL |
||
| 041 |
_aeng _2eng |
||
| 084 | _qEASL | ||
| 100 |
_aMoran Arik _9407543 |
||
| 245 | 0 | _a'Rani of Sirmur' Revisited: Sati and sovereignty in theory and practice | |
| 260 |
_aUSA _bNew York Cambridge University Press U.K _c2015 |
||
| 300 | _a302-335 Pp. | ||
| 650 |
_aAsian Studies; Theory and practice _9755089 |
||
| 942 | _cSRA | ||
| 999 |
_c1318800 _d1318800 |
||